[Event "I Festival Francophone des Echecs"]
[Site "Arvier ITA"]
[Date "2009.09.27"]
[Round "1"]
[White "Wirig, Anthony"]
[Black "Chiarotto, Filippo"]
[Result "0-1"]
[WhiteElo "2491"]
[BlackElo "2053"]
[PlyCount "46"]
[EventDate "2009.09.27"]

1. c4 Nf6 2. Nf3 e6 3. Nc3 Bb4 4. Qc2 O-O 5. e3 c5 6. Na4 d6 7. Be2 Nc6 8. O-O
e5 9. d3 Bf5 10. a3 Ba5 11. h3 Qd7 12. Nc3 Bxc3 13. Qxc3 e4 14. dxe4 Nxe4 15.
Qe1 Bxh3 16. gxh3 Qxh3 17. Nh2 f5 18. f3 Rf6 19. fxe4 Rg6+ 20. Ng4 fxg4 21. Qf2
Ne5 22. Qg2 Nf3+ 23. Kf2 g3+ 0-1

[Event "I Festival Francophone des Echecs"]
[Site "Arvier ITA"]
[Date "2009.09.28"]
[Round "2"]
[White "Baciu, Stefan"]
[Black "Arnaudov, G. Petar"]
[Result "1/2-1/2"]
[WhiteElo "2177"]
[BlackElo "2408"]
[PlyCount "97"]
[EventDate "2009.09.27"]

1. d4 Nf6 2. Nf3 e6 3. Bg5 h6 4. Bh4 c5 5. e3 Nc6 6. c3 b6 7. d5 exd5 8. Bxf6
Qxf6 9. Qxd5 Bb7 10. Nbd2 O-O-O 11. O-O-O Na5 12. Qe5 Qe6 13. Qxe6 fxe6 14. Ne5
Rg8 15. Ndc4 Nxc4 16. Bxc4 Kc7 17. f3 g5 18. Rd2 d5 19. Bb3 Bg7 20. Ng4 b5 21.
h4 h5 22. Nf2 gxh4 23. Rxh4 Rh8 24. Bd1 Bf6 25. Rh1 d4 26. cxd4 cxd4 27. Rc2+
Kb6 28. exd4 Bxd4 29. Ne4 Bd5 30. Kb1 Rdg8 31. Rd2 Be5 32. Bb3 Bf4 33. Re2 h4
34. Bxd5 exd5 35. Nf6 Rd8 36. Rd1 d4 37. Re6+ Kb7 38. Re4 Be3 39. Ng4 Rhe8 40.
Rxe8 Rxe8 41. Nxe3 dxe3 42. Re1 Rg8 43. Re2 Rg3 44. Kc2 h3 45. gxh3 Rxf3 46. h4
Rh3 47. Kd3 Rxh4 48. Rxe3 Rh2 49. Kc3 1/2-1/2

[Event "I Festival Francophone des Echecs"]
[Site "Arvier ITA"]
[Date "2009.09.28"]
[Round "2"]
[White "Belabbas, Abdellah"]
[Black "Vandervorst, Pascal"]
[Result "1-0"]
[WhiteElo "1915"]
[BlackElo "1818"]
[PlyCount "37"]
[EventDate "2009.09.27"]

1. d4 d6 2. e4 Nf6 3. Nc3 g6 4. Be2 Bg7 5. Be3 O-O 6. g4 b6 7. h4 Bb7 8. f3
Nbd7 9. h5 e5 10. d5 Qe7 11. Qd2 c6 12. hxg6 fxg6 13. dxc6 Bxc6 14. O-O-O Ne8
15. Nh3 Ndf6 16. Ng5 Rd8 17. Nxh7 Nxh7 18. Bc4+ Kh8 19. Rxh7+ 1-0

[Event "I Festival Francophone des Echecs"]
[Site "Arvier ITA"]
[Date "2009.09.28"]
[Round "2"]
[White "Fernandez Lopez, Joan"]
[Black "Chiarotto, Filippo"]
[Result "1/2-1/2"]
[WhiteElo "2080"]
[BlackElo "2053"]
[PlyCount "44"]
[EventDate "2009.09.27"]

1. e4 c5 2. Nf3 a6 3. Nc3 e6 4. b3 b5 5. d4 cxd4 6. Nxd4 Bb4 7. Bb2 Qc7 8. Qd2
Nf6 9. Bd3 Bb7 10. f3 d5 11. exd5 Nxd5 12. Nde2 Nd7 13. a3 Bxc3 14. Nxc3 Qe5+
15. Qe2 Nxc3 16. Qxe5 Nxe5 17. Bxc3 Nxd3+ 18. cxd3 Rc8 19. Rc1 Kd7 20. Ke2 f6
21. Bb2 Bd5 22. b4 Bb3 1/2-1/2

[Event "I Festival Francophone des Echecs"]
[Site "Arvier ITA"]
[Date "2009.09.28"]
[Round "2"]
[White "Guillaumat, Jean-Pierre"]
[Black "De Leeuw, Johannes"]
[Result "0-1"]
[WhiteElo "1953"]
[BlackElo "1858"]
[PlyCount "114"]
[EventDate "2009.09.27"]

1. d4 d5 2. Nf3 Nf6 3. c4 e6 4. Qc2 Nbd7 5. Bf4 Be7 6. Nc3 c6 7. cxd5 exd5 8.
e3 Nf8 9. Bd3 Ng6 10. Bg3 Bd6 11. Ne5 Qe7 12. Nxg6 hxg6 13. O-O-O Be6 14. e4
dxe4 15. Nxe4 Bxg3 16. hxg3 O-O-O 17. Rxh8 Rxh8 18. Kb1 Kb8 19. f3 Nd5 20. Qc5
Rd8 21. Qxe7 Nxe7 22. Bc2 Nf5 23. Ng5 Nxd4 24. Nxe6 Nxe6 25. Rxd8+ Nxd8 26. Bb3
g5 27. Kc2 Kc7 28. Kd3 Kd6 29. Ke4 g6 30. a3 a5 31. Ba2 c5 32. Bc4 f6 33. Bg8
Nc6 34. Bc4 f5+ 35. Ke3 b6 36. Be2 Ne7 37. Bc4 Ke5 38. f4+ Kf6 39. Kd3 Nc6 40.
Bd5 Nd4 41. a4 gxf4 42. gxf4 g5 43. Ke3 gxf4+ 44. Kxf4 Ne6+ 45. Ke3 Ke5 46.
Bxe6 Kxe6 47. Kf4 c4 48. Ke3 Ke5 49. g3 Kd5 50. Kf4 b5 51. Kxf5 bxa4 52. g4 a3
53. bxa3 c3 54. g5 c2 55. g6 c1=Q 56. g7 Qc8+ 57. Kf6 Qg8 0-1

[Event "I Festival Francophone des Echecs"]
[Site "Arvier ITA"]
[Date "2009.09.28"]
[Round "2"]
[White "Landenbergue, Claude"]
[Black "Berend, Fred"]
[Result "1/2-1/2"]
[WhiteElo "2403"]
[BlackElo "2371"]
[PlyCount "140"]
[EventDate "2009.09.27"]

1. e4 c5 2. Nf3 Nc6 3. Nc3 e6 4. Bb5 Nd4 5. Nxd4 cxd4 6. Ne2 Qg5 7. Nxd4 Qc5 8.
c3 e5 9. b4 Qb6 10. O-O exd4 11. Bc4 Be7 12. Qb3 Nh6 13. cxd4 O-O 14. Rb1 Qg6
15. d3 d6 16. f4 Bf6 17. Bb2 Bh3 18. Qc2 Rac8 19. Qd2 Bd7 20. b5 Qh5 21. a4 Be6
22. Rbc1 d5 23. Bb3 g6 24. Bd1 Bg4 25. Bb3 Be6 26. Bd1 Qh4 27. Bf3 Bg7 28. Rc5
b6 29. Rc6 Qe7 30. Rfc1 Rxc6 31. Rxc6 Rd8 32. h3 f5 33. e5 Bf8 34. Qc1 Nf7 35.
Rc7 Rd7 36. Rxd7 Qxd7 37. Qc6 Qxc6 38. bxc6 Nd6 39. exd6 Bxd6 40. Bc1 Kf7 41.
Kf2 Ke7 42. Ke2 Kd8 43. Kd1 Kc7 44. Kc2 Kxc6 45. Kb3 a5 46. Bd2 Bc8 47. g3 Ba6
48. Be2 Kc7 49. h4 Bb7 50. Bf3 Be7 51. Bg2 Bc6 52. Bf3 Kb7 53. h5 Ka6 54. hxg6
hxg6 55. g4 b5 56. axb5+ Kxb5 57. gxf5 gxf5 58. Bh5 a4+ 59. Ka2 Bb4 60. Bxb4
Kxb4 61. Bg6 Bd7 62. Bf7 Kc3 63. Bxd5 Kxd3 64. Bf7 Ke4 65. Bg6 Kxf4 66. Ka3 Kg5
67. Bxf5 Kxf5 68. d5 Ke5 69. d6 Kd5 70. Kb2 Kc5 1/2-1/2

[Event "I Festival Francophone des Echecs"]
[Site "Arvier ITA"]
[Date "2009.09.28"]
[Round "2"]
[White "Marzouk, Amira"]
[Black "Frank, Albert"]
[Result "1/2-1/2"]
[WhiteElo "1703"]
[BlackElo "1932"]
[PlyCount "86"]
[EventDate "2009.09.27"]

1. e4 e6 2. d4 b6 3. Nf3 Bb7 4. Nc3 Bb4 5. Bd3 Nf6 6. Qe2 d5 7. Bg5 dxe4 8.
Bxf6 exd3 9. Bxd8 dxe2 10. Bxc7 Na6 11. Bf4 Rc8 12. Bd2 O-O 13. Kxe2 Nc7 14.
Rae1 Rfd8 15. a3 Bxc3 16. Bxc3 Nb5 17. Kd2 Bxf3 18. gxf3 Nxd4 19. Bxd4 Rxd4+
20. Ke3 Rd5 21. c3 Rcd8 22. Rb1 f6 23. Kf4 Kf7 24. Rhe1 Rd2 25. Kg3 Ke7 26. b4
Ra2 27. Ra1 Rdd2 28. a4 Rxf2 29. Rxa2 Rxa2 30. a5 bxa5 31. bxa5 Rxa5 32. c4 Rc5
33. Ra1 Rc7 34. c5 e5 35. Ra6 g5 36. Kg4 h5+ 37. Kxh5 Rxc5 38. Rxa7+ Ke6 39.
Kg6 Rc6 40. Rf7 Kd5 41. h3 Rc4 42. Rxf6 Rh4 43. Kxg5 Rxh3 1/2-1/2

[Event "I Festival Francophone des Echecs"]
[Site "Arvier ITA"]
[Date "2009.09.28"]
[Round "2"]
[White "Sanchez, Joseph"]
[Black "Jarraya, Zied"]
[Result "0-1"]
[WhiteElo "2463"]
[BlackElo "2192"]
[PlyCount "100"]
[EventDate "2009.09.27"]

1. e4 c5 2. Nf3 d6 3. d4 cxd4 4. Nxd4 Nf6 5. Nc3 a6 6. Be3 e5 7. Nde2 Be7 8.
Qd2 Qc7 9. O-O-O b5 10. f4 b4 11. Nd5 Nxd5 12. exd5 exf4 13. Nxf4 Nd7 14. Nh5
O-O 15. Bd4 f6 16. g4 Ne5 17. Be2 Bb7 18. Rhf1 Qa5 19. a3 Qxd5 20. Qxb4 a5 21.
Qb6 Qc6 22. Qb3+ Kh8 23. Bb5 Qc7 24. Nf4 Qc8 25. Qe6 Be4 26. Bc3 Qxe6 27. Nxe6
Rfc8 28. Nf4 Rc5 29. a4 Nxg4 30. Rfe1 d5 31. Nxd5 Rxd5 32. Rxd5 Bxd5 33. Rxe7
Nxh2 34. Rd7 Bf3 35. Bxa5 h5 36. Rd3 Rxa5 37. b4 Ra7 38. a5 g5 39. a6 g4 40.
Bc4 g3 41. Rd8+ Kh7 42. Bd3+ Kg7 43. Bc4 g2 44. Rg8+ Kh6 45. Rg3 Rg7 46. Rxg2
Bxg2 47. b5 Ng4 48. b6 h4 49. Be6 Bc6 50. Bc8 Ba8 0-1

[Event "I Festival Francophone des Echecs"]
[Site "Arvier ITA"]
[Date "2009.09.28"]
[Round "2"]
[White "Van Hoolandt, Patrick"]
[Black "Hautot, Stephane"]
[Result "1/2-1/2"]
[WhiteElo "2229"]
[BlackElo "2420"]
[PlyCount "37"]
[EventDate "2009.09.27"]

1. d4 d5 2. c4 c6 3. cxd5 cxd5 4. Nf3 Nf6 5. Nc3 e6 6. Bf4 a6 7. e3 Be7 8. Bd3
O-O 9. h3 b5 10. a4 b4 11. Nb1 Nc6 12. Nbd2 Bb7 13. O-O Rc8 14. Qe2 Qb6 15. Nb3
Na5 16. Nxa5 Qxa5 17. Nd2 Rc6 18. Nb3 Qb6 19. Bg5 1/2-1/2

[Event "I Festival Francophone des Echecs"]
[Site "Arvier ITA"]
[Date "2009.09.28"]
[Round "3"]
[White "Chiarotto, Filippo"]
[Black "Landenbergue, Claude"]
[Result "0-1"]
[WhiteElo "2053"]
[BlackElo "2403"]
[PlyCount "76"]
[EventDate "2009.09.27"]

1. Nc3 e5 2. e4 d6 3. Nf3 Nf6 4. d4 Nbd7 5. g4 h6 6. g5 hxg5 7. Bxg5 c6 8. Qd2
Qa5 9. Bd3 Be7 10. h4 Nf8 11. Rg1 Ne6 12. d5 Nxg5 13. hxg5 Nh5 14. O-O-O g6 15.
dxc6 bxc6 16. Bc4 Be6 17. Bxe6 fxe6 18. Qd3 Rb8 19. Qc4 Qb4 20. Qxe6 Qxb2+ 21.
Kd2 Nf4 22. Qc4 Qb6 23. Rgf1 Kd7 24. Rb1 Qa5 25. Rxb8 Rxb8 26. Rh1 Ne6 27. Rh7
Rb4 28. Qf1 Rd4+ 29. Nxd4 exd4 30. Qh3 Qxg5+ 31. Kd1 dxc3 32. Qxc3 Qg1+ 33. Ke2
Qg4+ 34. f3 Qg2+ 35. Kd1 Ng5 36. Rg7 Qf1+ 37. Qe1 Qxf3+ 38. Kc1 Qf6 0-1

[Event "I Festival Francophone des Echecs"]
[Site "Arvier ITA"]
[Date "2009.09.28"]
[Round "3"]
[White "De Leeuw, Johannes"]
[Black "Wirig, Anthony"]
[Result "0-1"]
[WhiteElo "1858"]
[BlackElo "2491"]
[PlyCount "50"]
[EventDate "2009.09.27"]

1. e4 g6 2. c3 Bg7 3. d4 d6 4. Be3 Nf6 5. f3 a6 6. Bd3 Nc6 7. Ne2 e5 8. Bc2 O-O
9. O-O d5 10. dxe5 Nxe5 11. Nd2 Qe7 12. Ng3 Rd8 13. Qe2 c5 14. Qf2 d4 15. cxd4
Nfg4 16. fxg4 Nxg4 17. Qxf7+ Qxf7 18. Bb3 Qxb3 19. Nxb3 Nxe3 20. dxc5 Nxf1 21.
Kxf1 a5 22. Rb1 a4 23. Nc1 Rd1+ 24. Ke2 Bg4+ 25. Ke3 Bh6+ 0-1

[Event "I Festival Francophone des Echecs"]
[Site "Arvier ITA"]
[Date "2009.09.28"]
[Round "3"]
[White "Durandeau, Jean-Marie"]
[Black "Coqueraut, Lodewyk"]
[Result "1/2-1/2"]
[WhiteElo "2015"]
[BlackElo "1861"]
[PlyCount "78"]
[EventDate "2009.09.27"]

1. e4 c5 2. Nf3 d6 3. d4 cxd4 4. Nxd4 Nf6 5. Nc3 a6 6. Bg5 e6 7. f4 Be7 8. Qf3
Qc7 9. O-O-O Nbd7 10. g4 b5 11. Bxf6 gxf6 12. Kb1 Bb7 13. g5 b4 14. Nce2 fxg5
15. fxg5 Rc8 16. Rc1 Ne5 17. Qh5 Bxe4 18. Nxe6 Qb7 19. Rg1 Rxc2 20. Rxc2 Bxc2+
21. Kxc2 Qc8+ 22. Kb1 Qxe6 23. Bh3 Qg6+ 24. Qxg6 hxg6 25. Nf4 Nf3 26. Rc1 O-O
27. Rc6 Nxg5 28. Bg4 Ra8 29. Nd5 Bf8 30. Nxb4 a5 31. Nd5 Ne4 32. Kc2 Ra7 33.
Bf3 Ng5 34. Nf6+ Kg7 35. Ne8+ Kh6 36. Bd5 Re7 37. Nf6 Re2+ 38. Kb3 a4+ 39. Kxa4
Rxb2 1/2-1/2

[Event "I Festival Francophone des Echecs"]
[Site "Arvier ITA"]
[Date "2009.09.28"]
[Round "3"]
[White "Frank, Albert"]
[Black "Guillaumat, Jean-Pierre"]
[Result "1/2-1/2"]
[WhiteElo "1932"]
[BlackElo "1953"]
[PlyCount "31"]
[EventDate "2009.09.27"]

1. c4 c5 2. g3 g6 3. Bg2 Bg7 4. Nc3 Nc6 5. Nh3 Nh6 6. Nf4 Nf5 7. O-O O-O 8. Rb1
Rb8 9. a3 a6 10. e3 e6 11. Qc2 Qc7 12. Rd1 Rd8 13. b3 b6 14. Bb2 Bb7 15. Nce2
Nce7 16. Bxg7 1/2-1/2

[Event "I Festival Francophone des Echecs"]
[Site "Arvier ITA"]
[Date "2009.09.28"]
[Round "3"]
[White "Hautot, Stephane"]
[Black "Baciu, Stefan"]
[Result "1-0"]
[WhiteElo "2420"]
[BlackElo "2177"]
[PlyCount "59"]
[EventDate "2009.09.27"]

1. e4 d6 2. d4 Nf6 3. Nc3 g6 4. Be3 c6 5. f3 b5 6. g4 b4 7. Nce2 h5 8. g5 Nfd7
9. f4 Bb7 10. Bg2 c5 11. Nh3 e5 12. c3 exf4 13. Bxf4 bxc3 14. bxc3 Nc6 15. O-O
Be7 16. e5 dxe5 17. dxe5 Nb6 18. Qc2 Qc8 19. Nf2 O-O 20. Bh3 Qe8 21. Ne4 Nd5
22. e6 Nxf4 23. Nxf4 Nd8 24. exf7+ Rxf7 25. Rae1 Qc6 26. Bg2 Qc7 27. Nf6+ Bxf6
28. Re8+ Rf8 29. Qxg6+ Bg7 30. Rxf8+ 1-0

[Event "I Festival Francophone des Echecs"]
[Site "Arvier ITA"]
[Date "2009.09.28"]
[Round "3"]
[White "Saint-Amand, Paul"]
[Black "Sanchez, Joseph"]
[Result "0-1"]
[WhiteElo "2131"]
[BlackElo "2463"]
[PlyCount "92"]
[EventDate "2009.09.27"]

1. e4 d5 2. exd5 Nf6 3. d4 Bg4 4. Nf3 Qxd5 5. Be2 e6 6. Bf4 Bd6 7. Nc3 Qa5 8.
Bxd6 cxd6 9. h3 Bh5 10. Qd2 Nc6 11. O-O O-O 12. Rfd1 d5 13. Ne5 Bg6 14. Nxc6
bxc6 15. Ne4 Qd8 16. Nc5 Qb8 17. c4 a5 18. cxd5 cxd5 19. Bd3 Rd8 20. Bxg6 hxg6
21. Rac1 Qa7 22. b3 Rab8 23. Qd3 Rb6 24. f3 Nh5 25. Na4 Rb4 26. Qe3 Qb8 27. Nc5
Qg3 28. Nd3 Rbb8 29. Qe5 Qh4 30. Kh2 Nf6 31. Rc7 a4 32. b4 Ne8 33. g3 Qf6 34.
Qxf6 gxf6 35. Ra7 Rdc8 36. Rxa4 Rc4 37. Nc5 Rcxb4 38. Rxb4 Rxb4 39. Rd2 Nd6 40.
Kg1 Nf5 41. g4 Nxd4 42. Kf2 e5 43. Nb3 Nxb3 44. axb3 d4 45. Rb2 f5 46. Ke2 e4
0-1

[Event "I Festival Francophone des Echecs"]
[Site "Arvier ITA"]
[Date "2009.09.29"]
[Round "4"]
[White "Baciu, Stefan"]
[Black "Durandeau, Jean-Marie"]
[Result "1-0"]
[WhiteElo "2177"]
[BlackElo "2015"]
[PlyCount "61"]
[EventDate "2009.09.27"]

1. d4 Nf6 2. c4 g6 3. Nc3 Bg7 4. e4 d6 5. h3 O-O 6. Bg5 c6 7. Nf3 e5 8. d5 Na6
9. Bd3 Nc5 10. Bc2 a5 11. O-O h6 12. Be3 cxd5 13. cxd5 Ne8 14. Qc1 Kh7 15. a3
f5 16. exf5 Bxf5 17. Nd2 Qh4 18. Qb1 Bxc2 19. Qxc2 Rc8 20. Bxc5 Rxc5 21. Nde4
Rc4 22. Qe2 Rd4 23. Rad1 Qf4 24. f3 Nf6 25. Nxf6+ Rxf6 26. Ne4 Rf5 27. Nxd6 Rh5
28. Ne4 Bf8 29. d6 Rh4 30. Rxd4 exd4 31. g3 1-0

[Event "I Festival Francophone des Echecs"]
[Site "Arvier ITA"]
[Date "2009.09.29"]
[Round "4"]
[White "Fernandez Lopez, Joan"]
[Black "Coqueraut, Lodewyk"]
[Result "1-0"]
[WhiteElo "2080"]
[BlackElo "1861"]
[PlyCount "55"]
[EventDate "2009.09.27"]

1. e4 c5 2. Nf3 d6 3. d4 cxd4 4. Nxd4 Nf6 5. Nc3 a6 6. Be3 e6 7. f3 Be7 8. Qd2
Qc7 9. O-O-O Nbd7 10. g4 b5 11. Kb1 Bb7 12. Ncxb5 axb5 13. Nxb5 Qb8 14. Nxd6+
Qxd6 15. Qxd6 Bxd6 16. Rxd6 Ke7 17. Rd2 Nxg4 18. fxg4 Bxe4 19. Rg1 Rhc8 20. Bd3
Bd5 21. b3 Ne5 22. Be2 Bf3 23. Bf4 Bxe2 24. Bxe5 Bb5 25. Bxg7 f5 26. gxf5 Rxc2
27. Kxc2 Rxa2+ 28. Bb2 1-0

[Event "I Festival Francophone des Echecs"]
[Site "Arvier ITA"]
[Date "2009.09.29"]
[Round "4"]
[White "Frank, Albert"]
[Black "De Leeuw, Johannes"]
[Result "1/2-1/2"]
[WhiteElo "1932"]
[BlackElo "1858"]
[PlyCount "101"]
[EventDate "2009.09.27"]

1. e4 e5 2. Nf3 Nc6 3. Nc3 Nf6 4. d4 exd4 5. Nd5 d6 6. Bg5 Be7 7. Nxe7 Qxe7 8.
Bd3 O-O 9. O-O Bg4 10. h3 Bh5 11. g4 Bg6 12. Re1 h6 13. Bh4 a6 14. e5 dxe5 15.
Bxg6 fxg6 16. Nxd4 Nxd4 17. Qxd4 exd4 18. Rxe7 Rf7 19. Rae1 g5 20. Bg3 Rc8 21.
Kf1 Kf8 22. Rxf7+ Kxf7 23. Be5 c5 24. Bd6 b5 25. Re7+ Kg6 26. Ra7 c4 27. Rxa6
d3 28. Ke1 Re8+ 29. Kd1 dxc2+ 30. Kxc2 Re2+ 31. Kc1 Rxf2 32. Rb6 Rf3 33. Rxb5
Rxh3 34. a4 Rd3 35. Bc5 Nxg4 36. a5 Ne3 37. Bxe3 Rxe3 38. Kd2 Re8 39. a6 Ra8
40. Rb6+ Kf5 41. Ke3 h5 42. Kf3 Ra7 43. Rb5+ Kg6 44. Rb6+ Kf5 45. Rb5+ Kg6 46.
Rb6+ Kf5 47. Rb5+ Kg6 48. Rb6+ Kh7 49. Kg3 Kg8 50. Rb8+ Kh7 51. Rb6 1/2-1/2

[Event "I Festival Francophone des Echecs"]
[Site "Arvier ITA"]
[Date "2009.09.29"]
[Round "4"]
[White "Guillaumat, Jean-Pierre"]
[Black "Labarthe, Arnaud"]
[Result "1/2-1/2"]
[WhiteElo "1953"]
[BlackElo "1871"]
[PlyCount "136"]
[EventDate "2009.09.27"]

1. d4 Nf6 2. Nf3 c5 3. d5 d6 4. c4 Bf5 5. Nc3 Na6 6. a3 e5 7. dxe6 fxe6 8. g3
Be7 9. Bg2 Qd7 10. Nh4 Bg4 11. h3 Bh5 12. Qd3 Bf7 13. e4 Nh5 14. Nf3 Rb8 15.
Bg5 O-O 16. Rd1 Nc7 17. Bxe7 Qxe7 18. Qxd6 Qxd6 19. Rxd6 b5 20. Rc6 b4 21. axb4
cxb4 22. Nd1 Rfc8 23. Ne5 Be8 24. Rc5 Na6 25. Rxc8 Rxc8 26. Ne3 Nc5 27. Ke2 Nf6
28. f3 Nh5 29. Kf2 Ba4 30. Re1 Rd8 31. Re2 Rf8 32. f4 Nf6 33. N3g4 Bd1 34. Re3
Rd8 35. Ke1 Bc2 36. Nxf6+ gxf6 37. Nc6 Rd1+ 38. Ke2 Rg1 39. Kf2 Rb1 40. Nxb4
Rxb2 41. Nxc2 Rxc2+ 42. Re2 Rxc4 43. e5 fxe5 44. fxe5 a5 45. Ra2 a4 46. Bf1 Rb4
47. Ke3 Re4+ 48. Kf3 Rxe5 49. Bb5 Ne4 50. Kf4 Rxb5 51. Kxe4 Ra5 52. Ra3 Kf7 53.
g4 Kf6 54. h4 h6 55. Kf4 e5+ 56. Ke4 Ra7 57. g5+ hxg5 58. hxg5+ Ke6 59. g6 Kf6
60. Rf3+ Kxg6 61. Kxe5 a3 62. Rf1 a2 63. Ra1 Ra4 64. Kd5 Kf6 65. Kc5 Ke5 66.
Kb5 Ra8 67. Kb4 Kd5 68. Kb3 Kd4 1/2-1/2

[Event "I Festival Francophone des Echecs"]
[Site "Arvier ITA"]
[Date "2009.09.29"]
[Round "4"]
[White "Landenbergue, Claude"]
[Black "Arnaudov, G. Petar"]
[Result "1/2-1/2"]
[WhiteElo "2403"]
[BlackElo "2408"]
[PlyCount "36"]
[EventDate "2009.09.27"]

1. e4 c5 2. Nf3 Nc6 3. Nc3 Nf6 4. Bb5 g6 5. Bxc6 dxc6 6. d3 Bg7 7. h3 O-O 8.
Be3 b6 9. Qd2 e5 10. Bh6 Qd6 11. O-O Nh5 12. Bxg7 Kxg7 13. Ne2 Be6 14. Rad1 f6
15. b3 a5 16. Nh2 a4 17. f4 Nxf4 18. Nxf4 exf4 1/2-1/2

[Event "I Festival Francophone des Echecs"]
[Site "Arvier ITA"]
[Date "2009.09.29"]
[Round "4"]
[White "Marzouk, Amira"]
[Black "Chiarotto, Filippo"]
[Result "0-1"]
[WhiteElo "1703"]
[BlackElo "2053"]
[PlyCount "86"]
[EventDate "2009.09.27"]

1. e4 c5 2. c3 e6 3. d4 d5 4. exd5 exd5 5. Nf3 Nc6 6. Be2 Be6 7. O-O Nf6 8. Be3
c4 9. Nbd2 Bd6 10. Re1 O-O 11. Bg5 h6 12. Bh4 Bf4 13. g3 Bd6 14. Bxf6 Qxf6 15.
Bf1 Rfe8 16. Bg2 b5 17. a3 a5 18. Nf1 Rad8 19. Ne3 Ne7 20. Qc2 h5 21. h4 Nf5
22. Ng5 Nxe3 23. Rxe3 Bf5 24. Qe2 Rxe3 25. Qxe3 Bf8 26. Re1 b4 27. axb4 axb4
28. Qe5 Bd6 29. Qe3 Bf8 30. Ra1 b3 31. Re1 g6 32. Qe5 Qxe5 33. Rxe5 Ba3 34.
Bxd5 Rxd5 35. Rxd5 Bxb2 36. Rd8+ Kg7 37. d5 Bxc3 38. d6 b2 39. Rb8 b1=Q+ 40.
Rxb1 Bxb1 41. d7 Bf6 42. Nf3 c3 43. Ne1 Bf5 0-1

[Event "I Festival Francophone des Echecs"]
[Site "Arvier ITA"]
[Date "2009.09.29"]
[Round "4"]
[White "Saint-Amand, Paul"]
[Black "Belabbas, Abdellah"]
[Result "1-0"]
[WhiteElo "2131"]
[BlackElo "1915"]
[PlyCount "51"]
[EventDate "2009.09.27"]

1. e4 c5 2. c3 e6 3. d4 cxd4 4. cxd4 Nf6 5. e5 Ne4 6. Nf3 Bb4+ 7. Nbd2 Qa5 8.
Bd3 d5 9. O-O Nxd2 10. Nxd2 Nc6 11. Nb3 Qb6 12. Qg4 g6 13. Bg5 O-O 14. Rac1 Re8
15. h4 Be7 16. Be3 Qd8 17. g3 g5 18. f4 f5 19. exf6 Bxf6 20. fxg5 e5 21. Bf5
Bxf5 22. Qxf5 exd4 23. gxf6 Rxe3 24. Qg4+ Kf7 25. Qg7+ Ke6 26. Nc5+ 1-0

[Event "I Festival Francophone des Echecs"]
[Site "Arvier ITA"]
[Date "2009.09.29"]
[Round "4"]
[White "Van Hoolandt, Patrick"]
[Black "Jarraya, Zied"]
[Result "1-0"]
[WhiteElo "2229"]
[BlackElo "2192"]
[PlyCount "127"]
[EventDate "2009.09.27"]

1. d4 Nf6 2. c4 g6 3. Nc3 Bg7 4. e4 d6 5. Nf3 O-O 6. Be3 e5 7. dxe5 dxe5 8.
Qxd8 Rxd8 9. Nd5 Nxd5 10. cxd5 c6 11. Bc4 cxd5 12. Bxd5 Nc6 13. Ng5 Rd7 14.
O-O-O h6 15. Nf3 Rc7 16. Kb1 Bg4 17. Rc1 Bd7 18. Rhd1 Be8 19. Nd2 Rcc8 20. Nb3
b6 21. Rd2 Rab8 22. Rdc2 Ne7 23. Rxc8 Rxc8 24. Rxc8 Nxc8 25. Nd2 Nd6 26. Kc2
Kf8 27. Kb3 Ke7 28. Nc4 f5 29. f3 fxe4 30. Nxd6 Kxd6 31. Bxe4 Bf7+ 32. Kb4 Kc7
33. Kb5 Bxa2 34. Bxg6 Bf8 35. Be4 Be6 36. g4 Bg7 37. h4 Bd7+ 38. Kc4 Be6+ 39.
Kb5 Bd7+ 40. Ka6 Kb8 41. Bd5 Ba4 42. b3 Bd7 43. h5 Bc8+ 44. Kb5 Kc7 45. g5 hxg5
46. Bxg5 a6+ 47. Kc4 Kd6 48. Be4 Be6+ 49. Kc3 Bf8 50. h6 Bd5 51. h7 Bg7 52. Bh6
Bf6 53. Bf8+ Ke6 54. Bxd5+ Kxd5 55. Be7 Bh8 56. Kd3 b5 57. Bb4 Ke6 58. Bc3 Kf7
59. b4 Kg6 60. Ke4 Kxh7 61. Bxe5 Bxe5 62. Kxe5 Kg6 63. Kd5 Kf5 64. Kc5 1-0

[Event "I Festival Francophone des Echecs"]
[Site "Arvier ITA"]
[Date "2009.09.30"]
[Round "5"]
[White "Chiarotto, Filippo"]
[Black "Sanchez, Joseph"]
[Result "0-1"]
[WhiteElo "2053"]
[BlackElo "2463"]
[PlyCount "52"]
[EventDate "2009.09.27"]

1. e4 d5 2. exd5 Nf6 3. Nc3 Nxd5 4. Nxd5 Qxd5 5. Qf3 Qa5 6. Bc4 e6 7. Ne2 Be7
8. O-O c5 9. d3 Nd7 10. Bf4 O-O 11. Qg3 b5 12. Bb3 Bf6 13. c3 Bb7 14. Bd6 Rfe8
15. Nf4 g6 16. Nh5 Bh8 17. f4 c4 18. f5 cxb3 19. fxg6 fxg6 20. axb3 Qb6+ 21. d4
e5 22. Qf2 Bd5 23. Bc5 Nxc5 24. dxc5 Qc6 25. Nf6+ Bxf6 26. Qxf6 Qxc5+ 0-1

[Event "I Festival Francophone des Echecs"]
[Site "Arvier ITA"]
[Date "2009.09.30"]
[Round "5"]
[White "Coqueraut, Lodewyk"]
[Black "Vandervorst, Pascal"]
[Result "0-1"]
[WhiteElo "1861"]
[BlackElo "1818"]
[PlyCount "78"]
[EventDate "2009.09.27"]

1. d4 Nf6 2. c4 d6 3. Nc3 Nbd7 4. e4 e5 5. d5 a5 6. f3 Nc5 7. Be3 b6 8. h4 Nh5
9. Qd2 Ng3 10. Rh2 Be7 11. Bg5 f6 12. Be3 f5 13. Bg5 Nxf1 14. Kxf1 O-O 15. Ke2
Ba6 16. Re1 fxe4 17. fxe4 Bxc4+ 18. Kd1 Nd3 19. Nf3 Nxe1 20. Qxe1 h6 21. Bxe7
Qxe7 22. b3 Ba6 23. Ne2 Qd7 24. Ng3 Qb5 25. Qd2 Bc8 26. Qc3 Bg4 27. Kd2 Qc5 28.
Qxc5 bxc5 29. Ke3 a4 30. Nd2 axb3 31. axb3 Ra3 32. Kd3 Bd1 33. Kc3 Bxb3 34.
Nxb3 Rb8 35. Nf5 Rbxb3+ 36. Kc2 Kf7 37. h5 c4 38. Rh3 Ra2+ 39. Kc1 Rxg2 0-1

[Event "I Festival Francophone des Echecs"]
[Site "Arvier ITA"]
[Date "2009.09.30"]
[Round "5"]
[White "De Leeuw, Johannes"]
[Black "Durandeau, Jean-Marie"]
[Result "1/2-1/2"]
[WhiteElo "1858"]
[BlackElo "2015"]
[PlyCount "73"]
[EventDate "2009.09.27"]

1. e4 c5 2. Nf3 Nc6 3. c3 Nf6 4. e5 Nd5 5. d4 cxd4 6. cxd4 d6 7. Be2 e6 8. O-O
Qc7 9. exd6 Bxd6 10. Nc3 Nxc3 11. bxc3 O-O 12. Bd3 h6 13. Qe2 Ne7 14. Bd2 Nd5
15. c4 Nf4 16. Bxf4 Bxf4 17. Rab1 Rb8 18. g3 Bd6 19. c5 Be7 20. Rb2 Bd7 21. Ne5
Bf6 22. Qe4 Rfc8 23. Rfb1 Be8 24. f4 Kf8 25. Rb4 Ke7 26. Ba6 Bxe5 27. Qxe5 Qxe5
28. fxe5 b6 29. Bxc8 Rxc8 30. a4 Ra8 31. cxb6 axb6 32. Kg2 Rd8 33. Kf3 Rd5 34.
Ke4 Ra5 35. Rxb6 Rxa4 36. Rb7+ Kf8 37. R7b6 1/2-1/2

[Event "I Festival Francophone des Echecs"]
[Site "Arvier ITA"]
[Date "2009.09.30"]
[Round "5"]
[White "Hautot, Stephane"]
[Black "Landenbergue, Claude"]
[Result "1/2-1/2"]
[WhiteElo "2420"]
[BlackElo "2403"]
[PlyCount "52"]
[EventDate "2009.09.27"]

1. e4 c5 2. Nf3 Nf6 3. Nc3 Nc6 4. d4 d5 5. exd5 Nxd5 6. dxc5 Nxc3 7. Qxd8+ Kxd8
8. bxc3 f6 9. Be3 e5 10. Nd2 Kc7 11. Bc4 Be7 12. f4 Bf5 13. Bd3 Be6 14. Nf3 Bd5
15. fxe5 Bxf3 16. gxf3 Nxe5 17. Kf2 Rad8 18. Rad1 g6 19. Rhe1 Nd7 20. Bf4+ Ne5
21. Rxe5 fxe5 22. Bxe5+ Kc8 23. Bxh8 Rxh8 24. Be4 Bxc5+ 25. Ke2 Rf8 26. h4 Rf6
1/2-1/2

[Event "I Festival Francophone des Echecs"]
[Site "Arvier ITA"]
[Date "2009.09.30"]
[Round "5"]
[White "Labarthe, Arnaud"]
[Black "Marzouk, Amira"]
[Result "1-0"]
[WhiteElo "1871"]
[BlackElo "1703"]
[PlyCount "53"]
[EventDate "2009.09.27"]

1. e4 e5 2. Bc4 Nf6 3. d3 Bc5 4. Nc3 Nc6 5. Na4 Bb6 6. Nxb6 axb6 7. Bg5 d6 8.
Ne2 Na5 9. Nc3 Nxc4 10. dxc4 h6 11. Bh4 g5 12. Bg3 Be6 13. b3 h5 14. f3 h4 15.
Bf2 h3 16. g4 Nd7 17. Be3 Nf8 18. Qd2 Qf6 19. Rf1 Rg8 20. Nb5 O-O-O 21. Qb4 Ng6
22. O-O-O Nh4 23. Nxc7 Kxc7 24. Bxb6+ Kc8 25. Rxd6 Qf4+ 26. Kb1 Bd7 27. Qa5 1-0